000 00811nem a2200229 u 4500
005 20200104041743.0
008 160505b1989 c ||||| |a|| 00| 0 spa d
040 _aCO-BoIAVH
_cCO-BoIAVH
041 _aspa
044 _ack
090 _aMC-
_b0152
110 2 _aInstituto de Investigación de Recursos Biológicos Alexander von Humboldt.
_9204
245 1 _aRepública de Colombia Departamento de Boyacá
_cMinisterio de Hacienda y Crédito publico
_h[Material Cartografico]
255 _a1:400.000
260 _aBogotá
_bInstituto de Investigación de Recursos Biológicos Alexander von Humboldt.
_c1989
300 _a1 mapa
_bcolor
_c85 x 78 cm
650 1 6 _aHidrografía
_95361
650 1 6 _aCarreteras
_970791
650 1 6 _aGeografía
_992259
650 0 6 _a Infraestructura
_98899
942 _2z
_cMapa
999 _c18488
_d18488